000 01862nam a22003857a 4500
003 DO-SdBNP
005 20250429112052.0
007 ta
008 211103b2009 abc|| |||| 00| 0 spa d
020 _a9789945114522
040 _aDO-SdBNP
_bspa
_cBNPHU
082 4 _222
_a372.89045
_bS678
245 1 0 _aSociedad 1 :
_bprimer grado ; primer ciclo ; educación media /
_cFanny Capellán ...[et.al]
260 _aSanto Domingo :
_bSantillana,
_c2009.
300 _a295 p. :
_bil.; map; fots.
_c27 cm
490 _aCoral
500 _aLibro de texto.
500 _aPrimero de bachillerato.
505 _aBloque 1.
_t1.Las ciencias sociales --
_t2.Los orígenes de la humanidad --
_t3. Culturas clásicas del oriente --
_t4. La civilización griega --
_t5. Civilización romana --
505 _aBloque 2.
_tProyecto --
_t6.El imperio Bizantino --
_t7. El Islam --
_tProyecto --
505 _aBloque 3.
_t8. Edad Media y sociedad feudal --
_t9.Edad Moderna --
_tProyecto --
505 _aBloque 4.
_t10. La edad contemporanea --
_t11. Los cambios del siglo XX --
_t12. Introducción a la geografía --
_t13. Localización, límites y superficies --
505 _aBloque 6.
_t18. La economía de los continentes --
_t19. Medio geográfico y modo de vida --
_t20. El mundo organizado --
_tProyecto --
505 _aBloque 5.
_t14. El medio físico --
_t15. Paisajes: Europa, Asia y Oceanía --
_t16. Äfrica, América y Antártida --
_t17. La población mundial --
590 _aInventariado, 2021 / SA
650 4 0 _aSociedad
_xHistoria
_980469
650 4 0 _aHistoria antigua
_918158
650 4 0 _aGeografía Universal
_xEnseñaza
_965153
650 4 0 _aHistoria
_xGeografia Universal
_980472
700 _929221
_aCastro Catrain, Margarita
700 _961881
_aAcosta, Ignacio Aybar
700 _923170
_aCastro Ricart, Eric
910 _aSaquino
942 _2ddc
_cLBS1
999 _c50866
_d50866